Новейшая история стран Европы и Северной Америки: конец XX - начало XXI века: учебное пособие для студентов

Podrobná bibliografie
Hlavní autor: Заболотный В. М. Василий Митрофанович
Shrnutí:Книга посвящена новейшей истории стран Европы и Северной Америки конца XX — начала XXI века. Подробно рассматриваются характерные черты и особенности социально-экономической, общественно-политической и культурной жизни. Дается краткий анализ общих тенденций современного мирового развития, включая феномен глобализации, формирование основ постиндустриального общества, интеграционные процессы. Изучаются проблемы культурно-национальной идентичности. Приводится хроника важнейших событий рубежа XX—XXI веков. Книга адресована студентам высших учебных заведений факультетов гуманитарных и социальных наук.
Jazyk:ruština
Vydáno: Москва, АСТ, 2004
Edice:Высшая школа
Témata:
Médium: MixedMaterials Kniha
KOHA link:https://koha.lib.tpu.ru/cgi-bin/koha/opac-detail.pl?biblionumber=343805

MARC

LEADER 00000nam0a2200000 4500
001 343805
005 20231102005610.0
010 |a 5170226675 
010 |a 5-271-08305-5 
035 |a (RuTPU)RU\TPU\book\374412 
090 |a 343805 
100 |a 20191030d2004 m y0rusy50 ca 
101 0 |a rus 
102 |a RU 
105 |a y j 001zy 
200 1 |a Новейшая история стран Европы и Северной Америки: конец XX - начало XXI века  |e учебное пособие для студентов  |f В. М. Заболотный 
210 |a Москва  |c АСТ  |c Астрель  |d 2004 
215 |a 496 с. 
225 1 |a Высшая школа 
320 |a Библиогр.: с. 484-495 
330 |a Книга посвящена новейшей истории стран Европы и Северной Америки конца XX — начала XXI века. Подробно рассматриваются характерные черты и особенности социально-экономической, общественно-политической и культурной жизни. Дается краткий анализ общих тенденций современного мирового развития, включая феномен глобализации, формирование основ постиндустриального общества, интеграционные процессы. Изучаются проблемы культурно-национальной идентичности. Приводится хроника важнейших событий рубежа XX—XXI веков. Книга адресована студентам высших учебных заведений факультетов гуманитарных и социальных наук. 
606 1 |a Европа  |x История  |z 1918-  |2 stltpush  |3 (RuTPU)RU\TPU\subj\67605  |9 83329 
606 1 |a Канада  |x История  |2 stltpush  |3 (RuTPU)RU\TPU\subj\69208  |9 84175 
606 1 |a США  |x История  |z 1918-  |2 stltpush  |3 (RuTPU)RU\TPU\subj\69222  |9 84189 
610 1 |a учебники 
610 1 |a 20 век 
610 1 |a 21 век 
610 1 |a западное общество 
610 1 |a Северная Америка 
610 1 |a государства 
610 1 |a Западная Европа 
610 1 |a скандинавские страны 
610 1 |a Центральная Европа 
610 1 |a Восточная Европа 
686 |a Т3(4)6я73  |v LBC/SL-A  |2 rubbk 
686 |a Т3(7Кан)я73  |v LBC/SL-A  |2 rubbk 
686 |a Т3(7Сое)6я73  |v LBC/SL-A  |2 rubbk 
700 1 |a Заболотный  |b В. М.  |g Василий Митрофанович 
801 1 |a RU  |b 63413507  |c 20191030 
801 2 |a RU  |b 63413507  |c 20191129  |g RCR 
942 |c BK